[Event "Marrakesh op 1st"]
[Site "Marrakesh"]
[Date "2010.06.28"]
[Round "4"]
[White "Strikovic, Aleksa"]
[Black "Lopez, Jordi"]
[Result "1-0"]
[WhiteElo "2557"]
[BlackElo "2271"]
[PlyCount "65"]
[EventDate "2010.06.26"]
[EventType "swiss"]
[EventRounds "9"]
[EventCountry "MAR"]
[SourceTitle "CBM 137 Extra"]
[Source "ChessBase"]
[SourceDate "2010.09.01"]
[SourceVersion "1"]
[SourceVersionDate "2010.09.01"]
[SourceQuality "1"]

1. c4 c5 2. Nc3 Nc6 3. Nf3 g6 4. e3 Nf6 5. d4 cxd4 6. exd4 d5 7. cxd5 Nxd5 8. Qb3 Nxc3 9. Bc4 e6 10. bxc3 Be7 11. Bh6 Bf8 12. Bxf8 Kxf8 13. 0-0 Kg7 14. Qb2 b6 15. Rfe1 Bb7 16. Rad1 Qf6 17. Nd2 Ne7 18. Bd3 Rab8 19. Ne4 Bxe4 20. Bxe4 Rbc8 21. Ba8 Rxa8 22. c4 Rhd8 23. Qa3 Rd7 24. h3 h5 25. Rd3 Nf5 26. d5 Qd8 27. Red1 e5 28. Re1 f6 29. Qc1 g5 30. a4 Qc7 31. a5 Qc5 32. axb6 axb6 33. Rxe5 1-0

[Event "Marrakesh op 1st"]
[Site "Marrakesh"]
[Date "2010.06.26"]
[Round "2"]
[White "Lopez, Jordi"]
[Black "Evdokimov, Alexander A"]
[Result "0-1"]
[WhiteElo "2271"]
[BlackElo "2551"]
[PlyCount "38"]
[EventDate "2010.06.26"]
[EventType "swiss"]
[EventRounds "9"]
[EventCountry "MAR"]
[SourceTitle "CBM 137 Extra"]
[Source "ChessBase"]
[SourceDate "2010.09.01"]
[SourceVersion "1"]
[SourceVersionDate "2010.09.01"]
[SourceQuality "1"]

1. d4 Nf6 2. Nf3 g6 3. Bf4 Bg7 4. e3 0-0 5. Be2 c5 6. c3 b6 7. 0-0 Bb7 8. Nbd2 d6 9. b4 Nd5 10. Qb3 cxb4 11. cxb4 Nxf4 12. exf4 Nd7 13. Rfd1 Nf6 14. Nf1 Nd5 15. g3 Rc8 16. Ne3 Nc3 17. Qb2 Nxd1 18. Rxd1 Qc7 19. Qa3 a6 0-1

[Event "Ciutadella Pons Memorial"]
[Site "Ciutadella"]
[Date "2009.01.04"]
[Round "9"]
[White "Karim, Ismael"]
[Black "Lopez, Jordi"]
[Result "1/2-1/2"]
[WhiteElo "2392"]
[BlackElo "2301"]
[PlyCount "23"]
[EventDate "2008.12.27"]
[EventType "tourn"]
[EventRounds "9"]
[EventCountry "ESP"]
[EventCategory "3"]
[SourceTitle "CBM 128 Extra"]
[Source "ChessBase"]
[SourceDate "2009.03.05"]
[SourceVersion "2"]
[SourceVersionDate "2009.03.25"]
[SourceQuality "1"]

1. e4 Nf6 2. e5 Nd5 3. d4 d6 4. c4 Nb6 5. exd6 exd6 6. Nc3 Be7 7. Bd3 Nc6 8. Nge2 Bg4 9. f3 Bh5 10. 0-0 Bg6 11. b3 Bf6 12. Be3 1/2-1/2

[Event "Ciutadella Pons Memorial"]
[Site "Ciutadella"]
[Date "2008.12.28"]
[Round "2"]
[White "Alonso Garcia, Rene Marcial"]
[Black "Lopez, Jordi"]
[Result "1/2-1/2"]
[WhiteElo "2368"]
[BlackElo "2301"]
[PlyCount "100"]
[EventDate "2008.12.27"]
[EventType "tourn"]
[EventRounds "9"]
[EventCountry "ESP"]
[EventCategory "3"]
[SourceTitle "CBM 128 Extra"]
[Source "ChessBase"]
[SourceDate "2009.03.05"]
[SourceVersion "2"]
[SourceVersionDate "2009.03.25"]
[SourceQuality "1"]

1. d4 Nf6 2. Nf3 e6 3. c4 b6 4. a3 Bb7 5. Nc3 Be7 6. d5 0-0 7. e4 exd5 8. cxd5 d6 9. Bd3 c6 10. dxc6 Nxc6 11. 0-0 Ne5 12. Nxe5 dxe5 13. Qe2 Rc8 14. Rd1 Qc7 15. Bg5 Rfd8 16. Bxf6 Bxf6 17. Ba6 Rxd1+ 18. Rxd1 Rd8 19. Bxb7 Rxd1+ 20. Qxd1 Qxb7 21. Nd5 Qc6 22. g3 g6 23. Kg2 Kg7 24. h4 h5 25. Qd3 a5 26. b3 Kf8 27. Qe3 Bd8 28. Qd3 Be7 29. a4 Bc5 30. Qc3 Qe6 31. Qd2 Kg7 32. Qc3 Kf8 33. Qc4 Kg7 34. Qa6 Qc6 35. Qc4 Qe6 36. Qc2 Kf8 37. Qe2 Kg7 38. Qb5 f5 39. Qc4 f4 40. Qc3 fxg3 41. Qxg3 Bd4 42. Qg5 Qf7 43. f3 Qe6 44. Qd8 Bc5 45. Qc7+ Kh6 46. Qb8 g5 47. Qh8+ Kg6 48. hxg5 Kxg5 49. Qg7+ Qg6 50. Qxg6+ Kxg6 1/2-1/2

[Event "FRA-chT1B 0607"]
[Site "France"]
[Date "2006.11.06"]
[Round "3.5"]
[White "Lopez, Jordi"]
[Black "Crut, Aurelien"]
[Result "1/2-1/2"]
[WhiteElo "2267"]
[BlackElo "2369"]
[PlyCount "48"]
[EventDate "2006.10.15"]
[EventType "team"]
[EventRounds "11"]
[EventCountry "FRA"]
[SourceTitle "EXT 2008"]
[Source "ChessBase"]
[SourceDate "2007.11.25"]
[SourceVersion "1"]
[SourceVersionDate "2007.11.25"]
[SourceQuality "1"]
[WhiteTeam "Paris Chess Club II"]
[BlackTeam "Besancon TPG"]
[WhiteTeamCountry "FRA"]
[BlackTeamCountry "FRA"]

1. d4 d5 2. Nf3 Nf6 3. c4 e6 4. g3 c6 5. Qc2 Be7 6. Bg2 0-0 7. 0-0 Nbd7 8. Nbd2 b6 9. e4 Bb7 10. b3 c5 11. exd5 exd5 12. Bb2 dxc4 13. Qxc4 cxd4 14. Nxd4 Rc8 15. Qe2 Bxg2 16. Kxg2 Re8 17. Qd1 Ne5 18. N2f3 Qd5 19. Nf5 Qxf3+ 20. Qxf3 Nxf3 21. Kxf3 Rc2 22. Bd4 Bc5 23. Bxc5 Rxc5 24. Ne3 Kf8 1/2-1/2

[Event "FRA-chT2 0405"]
[Site "France"]
[Date "2004.12.05"]
[Round "4.7"]
[White "Rouquet, Ronan"]
[Black "Lopez, Jordi"]
[Result "0-1"]
[WhiteElo "2055"]
[BlackElo "2247"]
[PlyCount "88"]
[EventDate "2004.10.10"]
[EventType "team"]
[EventRounds "11"]
[EventCountry "FRA"]
[SourceTitle "EXT 2006"]
[Source "ChessBase"]
[SourceDate "2005.11.24"]
[SourceVersion "1"]
[SourceVersionDate "2005.11.24"]
[SourceQuality "1"]
[WhiteTeam "Gonfreville II"]
[BlackTeam "Paris NAO II"]
[WhiteTeamCountry "FRA"]
[BlackTeamCountry "FRA"]

1. d4 Nf6 2. c4 e6 3. Nc3 Bb4 4. f3 d5 5. a3 Bxc3+ 6. bxc3 c5 7. cxd5 exd5 8. e3 Bf5 9. Ne2 0-0 10. Ng3 Bg6 11. Bd3 Nc6 12. 0-0 Re8 13. Re1 Qa5 14. Bxg6 hxg6 15. Bd2 Qa6 16. Qe2 Qxe2 17. Rxe2 Rac8 18. Rae1 Na5 19. e4 cxd4 20. cxd4 Nb3 21. Bg5 Nxd4 22. Rd2 Nb3 23. Rb2 Nc5 24. Bxf6 gxf6 25. Rc1 d4 26. Rd1 d3 27. Nf1 f5 28. exf5 Re2 29. Rdd2 Re1 30. Kf2 Ra1 31. fxg6 fxg6 32. Ra2 Rxa2 33. Rxa2 Nb3 34. Ne3 Rc1 35. Rb2 Nc5 36. g4 Ra1 37. Nc4 Rc1 38. Ne3 b6 39. h4 Rc3 40. h5 gxh5 41. gxh5 Rxa3 42. Nf5 Kh7 43. Ke3 d2+ 44. Kxd2 Rxf3 0-1

[Event "FRA-chT1"]
[Site "France"]
[Date "2002.03.29"]
[Round "4.9"]
[White "Lopez, Jordi"]
[Black "Iglesias, Iannis"]
[Result "0-1"]
[WhiteElo "2262"]
[BlackElo "2050"]
[PlyCount "54"]
[EventDate "2002.02.??"]
[EventType "team"]
[EventRounds "11"]
[EventCountry "FRA"]
[SourceTitle "EXT 2003"]
[Source "ChessBase"]
[SourceDate "2002.11.25"]
[SourceVersion "1"]
[SourceVersionDate "2002.11.25"]
[SourceQuality "1"]
[WhiteTeam "Paris NAO"]
[BlackTeam "Vandoeuvre"]
[WhiteTeamCountry "FRA"]
[BlackTeamCountry "FRA"]

1. d4 Nf6 2. Nf3 g6 3. Bg5 Bg7 4. Nbd2 c5 5. Bxf6 Bxf6 6. Ne4 Bxd4 7. Nxd4 cxd4 8. Qxd4 0-0 9. 0-0-0 Nc6 10. Qd2 Qa5 11. Qh6 Qe5 12. Nc3 d6 13. e4 Be6 14. f4 Qg7 15. Qh4 Rfc8 16. g4 Nb4 17. a3 Rxc3 18. axb4 Rc7 19. Qf2 Bc4 20. Bxc4 Rxc4 21. Rhf1 Rxb4 22. e5 dxe5 23. Qe1 Rc4 24. Rf2 Qf6 25. fxe5 Qa6 26. Kb1 Ra4 27. c3 Ra1+ 0-1

[Event "FRA-chT1"]
[Site "France"]
[Date "2002.??.??"]
[Round "5.9"]
[White "Fruteau, Sabine"]
[Black "Lopez, Jordi"]
[Result "1/2-1/2"]
[WhiteElo "2107"]
[BlackElo "2262"]
[PlyCount "71"]
[EventDate "2002.02.??"]
[EventType "team"]
[EventRounds "11"]
[EventCountry "FRA"]
[SourceTitle "EXT 2003"]
[Source "ChessBase"]
[SourceDate "2002.11.25"]
[SourceVersion "1"]
[SourceVersionDate "2002.11.25"]
[SourceQuality "1"]
[WhiteTeam "Strasbourg"]
[BlackTeam "Paris NAO"]
[WhiteTeamCountry "FRA"]
[BlackTeamCountry "FRA"]

1. e4 g6 2. d4 Bg7 3. Bc4 d6 4. Nf3 Nf6 5. Nc3 0-0 6. 0-0 c6 7. e5 Ne8 8. Re1 b5 9. Bd3 dxe5 10. dxe5 Nc7 11. Be4 b4 12. Na4 Nd5 13. c4 bxc3 14. bxc3 Ba6 15. Qb3 Qc8 16. Rb1 e6 17. Ba3 Re8 18. Nc5 Nd7 19. Nxa6 Qxa6 20. Bd6 N7b6 21. Nd4 Rac8 22. Rec1 Bh6 23. Rc2 c5 24. Nb5 c4 25. Qa3 Qxa3 26. Bxa3 Bf8 27. Bd6 a6 28. Bxd5 Nxd5 29. Na7 Rcd8 30. Nc6 Rd7 31. Bxf8 Kxf8 32. Kf1 Rc8 33. Nd4 Ke7 34. Ne2 Rc5 35. Rb8 Ra7 36. Rcb2 1/2-1/2

[Event "Issy les Moulineaux tt"]
[Site "Issy les Moulineaux"]
[Date "2000.06.11"]
[Round "1.1"]
[White "Lopez, Jordi"]
[Black "Girard, Eric"]
[Result "1-0"]
[WhiteElo "2169"]
[BlackElo "2198"]
[PlyCount "59"]
[EventDate "2000.06.10"]
[EventType "team"]
[EventRounds "7"]
[EventCountry "FRA"]
[SourceTitle "EXT 2007"]
[Source "ChessBase"]
[SourceDate "2006.11.23"]
[SourceVersion "1"]
[SourceVersionDate "2006.11.23"]
[SourceQuality "1"]

1. d4 e6 2. Nf3 f5 3. c4 Nf6 4. d5 Bb4+ 5. Bd2 Qe7 6. dxe6 Bxd2+ 7. Qxd2 dxe6 8. Nc3 0-0 9. e3 Na6 10. Be2 Nc5 11. 0-0 c6 12. Rad1 Nce4 13. Qc2 e5 14. Nd2 Nxc3 15. Qxc3 e4 16. c5 Nd5 17. Qd4 Be6 18. Nc4 Rad8 19. Nd6 Rf6 20. Qe5 b6 21. b4 a5 22. a3 axb4 23. axb4 bxc5 24. bxc5 g6 25. Rb1 Bc8 26. Qd4 Nc7 27. Rb8 Ba6 28. Rxd8+ Qxd8 29. Bxa6 Nxa6 30. Qc4+ 1-0

[Event "Issy les Moulineaux tt"]
[Site "Issy les Moulineaux"]
[Date "2000.06.10"]
[Round "1.1"]
[White "Lopez, Jordi"]
[Black "Valentin, Rene"]
[Result "1/2-1/2"]
[WhiteElo "2169"]
[BlackElo "2159"]
[PlyCount "93"]
[EventDate "2000.06.10"]
[EventType "team"]
[EventRounds "7"]
[EventCountry "FRA"]
[SourceTitle "EXT 2007"]
[Source "ChessBase"]
[SourceDate "2006.11.23"]
[SourceVersion "1"]
[SourceVersionDate "2006.11.23"]
[SourceQuality "1"]

1. d4 Nf6 2. Nf3 e6 3. e3 c5 4. Bd3 Nc6 5. c3 d5 6. Nbd2 Bd6 7. Qe2 0-0 8. dxc5 Bxc5 9. e4 e5 10. 0-0 Re8 11. exd5 e4 12. Nxe4 Nxe4 13. Bxe4 Bf5 14. dxc6 Bxe4 15. cxb7 Bxb7 16. Qb5 Qc8 17. Re1 Bxf3 18. Rxe8+ Qxe8 19. Qxe8+ Rxe8 20. gxf3 Re1+ 21. Kg2 g5 22. b4 Bb6 23. a4 a6 24. Bb2 Re2 25. Rb1 Rxf2+ 26. Kg3 f5 27. h4 gxh4+ 28. Kxh4 Rxf3 29. Rd1 Bf2+ 30. Kg5 Kf7 31. Bc1 h6+ 32. Kxh6 Rxc3 33. Kh5 Ke6 34. Rf1 Be3 35. Bxe3 Rxe3 36. b5 axb5 37. axb5 Rb3 38. Re1+ Kf6 39. Kh4 Rxb5 40. Kg3 Kg5 41. Re8 Rb3+ 42. Kf2 Kg4 43. Rc8 Rb2+ 44. Kf1 Ra2 45. Rb8 f4 46. Rb3 f3 47. Rb8 1/2-1/2

[Event "Clichy Evaluation 3"]
[Site "Clichy"]
[Date "1999.??.??"]
[Round "4"]
[White "Cossin, Sebastien"]
[Black "Lopez, Jordi"]
[Result "1/2-1/2"]
[WhiteElo "2010"]
[BlackElo "2185"]
[PlyCount "82"]
[EventDate "1999.??.??"]
[EventType "schev"]
[EventRounds "10"]
[EventCountry "FRA"]
[SourceTitle "EXT 2000"]
[Source "ChessBase"]
[SourceDate "1999.11.16"]
[SourceVersion "1"]
[SourceVersionDate "1999.11.16"]
[SourceQuality "1"]

1. c4 Nf6 2. Nc3 g6 3. e4 d6 4. d4 Bg7 5. f3 Nbd7 6. Be3 e5 7. d5 a5 8. Qd2 0-0 9. 0-0-0 h5 10. Kb1 Nc5 11. h3 Nh7 12. g4 h4 13. Nge2 Bf6 14. Bg2 Bg5 15. f4 exf4 16. Nxf4 Qe7 17. Rhe1 Nd7 18. Nce2 Ne5 19. Qc2 Bd7 20. Bg1 b5 21. c5 b4 22. c6 Bc8 23. Nd3 Nxd3 24. Qxd3 Ba6 25. Qc2 Bxe2 26. Rxe2 Bf6 27. Qd3 Be5 28. Rf1 f6 29. Bf2 g5 30. Be3 Bg3 31. Rf3 Rf7 32. Rxg3 hxg3 33. Bd4 Nf8 34. Qxg3 Ng6 35. Rf2 Re8 36. b3 Ra8 37. Kb2 a4 38. Qe3 axb3 39. axb3 Ne5 40. Qd2 Rff8 41. Bf1 Kg7 1/2-1/2

[Event "FRA-chT"]
[Site "France"]
[Date "1999.??.??"]
[Round "2"]
[White "Hauchard, Arnaud"]
[Black "Lopez, Jordi"]
[Result "1-0"]
[WhiteElo "2524"]
[BlackElo "2189"]
[PlyCount "103"]
[EventDate "1999.02.??"]
[EventType "team"]
[EventRounds "11"]
[EventCountry "FRA"]
[SourceTitle "EXT 2000"]
[Source "ChessBase"]
[SourceDate "1999.11.16"]
[SourceVersion "1"]
[SourceVersionDate "1999.11.16"]
[SourceQuality "1"]

1. c4 Nf6 2. Nc3 c5 3. g3 g6 4. Bg2 Bg7 5. e3 0-0 6. Nge2 d6 7. 0-0 Na6 8. d4 Nc7 9. b3 Rb8 10. Bb2 cxd4 11. Qxd4 a6 12. Rfd1 Bd7 13. Qd2 Bc6 14. e4 Ne6 15. Nd5 Nd7 16. Nec3 Nec5 17. Qe2 b5 18. cxb5 axb5 19. Nb4 Ba8 20. Ncd5 Bxb2 21. Qxb2 Re8 22. Nc3 Qa5 23. a3 Ne5 24. Ncd5 Qa7 25. Rac1 Nc6 26. Nxc6 Bxc6 27. e5 Bxd5 28. Rxd5 Ne6 29. exd6 exd6 30. Rxd6 Red8 31. Rcd1 Rxd6 32. Rxd6 Rc8 33. h4 Qc5 34. Rd5 Qc1+ 35. Qxc1 Rxc1+ 36. Kh2 Ra1 37. Rxb5 Rxa3 38. Bd5 Ra6 39. Rb7 Kg7 40. b4 Kf6 41. b5 Ra4 42. Rb6 h5 43. Bxe6 fxe6 44. Rb8 Rb4 45. b6 Rb2 46. b7 Ke5 47. Kg2 Ke4 48. Rg8 Rxb7 49. Rxg6 e5 50. Rh6 Kf5 51. Rxh5+ Kf6 52. g4 1-0

[Event "Clichy Evaluation 3"]
[Site "Clichy"]
[Date "1999.??.??"]
[Round "9"]
[White "Lopez, Jordi"]
[Black "Cossin, Sebastien"]
[Result "1/2-1/2"]
[WhiteElo "2185"]
[BlackElo "2010"]
[PlyCount "28"]
[EventDate "1999.??.??"]
[EventType "schev"]
[EventRounds "10"]
[EventCountry "FRA"]
[SourceTitle "EXT 2000"]
[Source "ChessBase"]
[SourceDate "1999.11.16"]
[SourceVersion "1"]
[SourceVersionDate "1999.11.16"]
[SourceQuality "1"]

1. d4 Nf6 2. Nf3 g6 3. g3 Bg7 4. Bg2 0-0 5. 0-0 d6 6. c4 Nbd7 7. Nc3 c6 8. h3 e5 9. e4 Qc7 10. Be3 exd4 11. Nxd4 a5 12. Qc2 Re8 13. Rad1 Nc5 14. b3 Nfd7 1/2-1/2

[Event "FRA-chT"]
[Site "France"]
[Date "1999.??.??"]
[Round "9"]
[White "Lopez, Jordi"]
[Black "Lohou, Stephane"]
[Result "0-1"]
[WhiteElo "2189"]
[BlackElo "2179"]
[PlyCount "94"]
[EventDate "1999.02.??"]
[EventType "team"]
[EventRounds "11"]
[EventCountry "FRA"]
[SourceTitle "EXT 2000"]
[Source "ChessBase"]
[SourceDate "1999.11.16"]
[SourceVersion "1"]
[SourceVersionDate "1999.11.16"]
[SourceQuality "1"]

1. d4 Nf6 2. Nf3 g6 3. Bg5 Bg7 4. Nbd2 d5 5. e3 0-0 6. b4 a5 7. b5 c5 8. c3 Nbd7 9. Bf4 Nh5 10. Be2 Nxf4 11. exf4 Qb6 12. Nf1 Qd6 13. g3 Nf6 14. Ne3 Ne4 15. Qb3 Be6 16. 0-0 Rfc8 17. Rac1 Rc7 18. Qb2 Rac8 19. Ne5 cxd4 20. cxd4 Nc3 21. Bd3 Qb4 22. Qxb4 axb4 23. Rc2 Ra8 24. Rb2 Ra4 25. Ra1 Rc8 26. Bc2 Ra5 27. Rxb4 Rxb5 28. Rxb5 Nxb5 29. Bb3 Nxd4 30. Bxd5 Bxd5 31. Nxd5 Rd8 32. Ne3 Bxe5 33. fxe5 Nf3+ 34. Kf1 Nxe5 35. Rb1 Rd7 36. Ke2 Kg7 37. Rb5 Nc6 38. Rb2 Nd4+ 39. Kf1 e5 40. Nc4 f6 41. Na5 b5 42. Nb3 Ne6 43. Ke2 f5 44. Ke3 e4 45. Rc2 Rd3+ 46. Ke2 Rxb3 47. axb3 Nd4+ 0-1

[Event "Clichy Evaluation 3"]
[Site "Clichy"]
[Date "1999.??.??"]
[Round "7"]
[White "Lopez, Jordi"]
[Black "Mohnblatt, Daniel"]
[Result "1-0"]
[WhiteElo "2185"]
[BlackElo "1810"]
[PlyCount "27"]
[EventDate "1999.??.??"]
[EventType "schev"]
[EventRounds "10"]
[EventCountry "FRA"]
[SourceTitle "EXT 2000"]
[Source "ChessBase"]
[SourceDate "1999.11.16"]
[SourceVersion "1"]
[SourceVersionDate "1999.11.16"]
[SourceQuality "1"]

1. Nf3 b6 2. e4 Bb7 3. Bc4 e6 4. Qe2 Ne7 5. Nc3 g6 6. d4 Bg7 7. h4 h5 8. Bg5 a5 9. e5 d5 10. exd6 cxd6 11. Ne4 Bxe4 12. Qxe4 Nd7 13. Bd3 Qc7 14. Qxa8+ 1-0

[Event "FRA-chT"]
[Site "France"]
[Date "1998.05.09"]
[Round "9"]
[White "Duquesnoy, Jean Philippe"]
[Black "Lopez, Jordi"]
[Result "1/2-1/2"]
[WhiteElo "2240"]
[BlackElo "2195"]
[PlyCount "120"]
[EventDate "1998.02.06"]
[EventType "team"]
[EventRounds "11"]
[EventCountry "FRA"]
[SourceTitle "CBM 064 Extra"]
[Source "ChessBase"]
[SourceDate "1998.07.07"]
[SourceVersion "1"]
[SourceVersionDate "1998.07.07"]
[SourceQuality "1"]

1. d4 Nf6 2. c4 e6 3. g3 d5 4. Bg2 Be7 5. Nf3 0-0 6. 0-0 c6 7. Qc2 Nbd7 8. Nbd2 b6 9. e4 Bb7 10. b3 Rc8 11. Rd1 Qc7 12. Bb2 Rfd8 13. Rac1 Qb8 14. e5 Ne8 15. cxd5 cxd5 16. Qd3 Rxc1 17. Rxc1 Rc8 18. Rxc8 Qxc8 19. Bf1 Qc6 20. Nb1 Nc7 21. Qd2 Ba6 22. Bxa6 Nxa6 23. Ba3 Bxa3 24. Nxa3 h6 25. Kf1 Nf8 26. Ke2 Nc7 27. Qc2 Qxc2+ 28. Nxc2 Ng6 29. Nfe1 Ne7 30. Kd3 Kf8 31. Kc3 Ke8 32. a4 Kd7 33. Nd3 a5 34. Nf4 g6 35. Nd3 Na6 36. Ne3 Nc6 37. Ng4 h5 38. Nf6+ Ke7 39. Ng8+ Kf8 40. Nf6 Ke7 41. h4 Nab4 42. Nc1 Nb8 43. f3 Nd7 44. Nh7 Nf8 45. Nf6 Nd7 46. Nh7 Nf8 47. Ng5 f6 48. exf6+ Kxf6 49. Nd3 Nxd3 50. Kxd3 Nd7 51. Kc3 Nb8 52. Nh7+ Ke7 53. b4 Nc6 54. b5 Nd8 55. Kd3 Nf7 56. Ke3 Nd6 57. g4 Kf7 58. Ng5+ Kf6 59. Nh7+ Ke7 60. Ng5 Kf6 1/2-1/2

[Event "FRA-chT"]
[Site "France"]
[Date "1996.??.??"]
[Round "?"]
[White "Lopez, Jordi"]
[Black "Andreenko, Pierre"]
[Result "1/2-1/2"]
[WhiteElo "2185"]
[BlackElo "2180"]
[PlyCount "45"]
[EventDate "1996.??.??"]
[EventType "team"]
[EventRounds "11"]
[EventCountry "FRA"]
[SourceTitle "CBM 055 Extra"]
[Source "ChessBase"]
[SourceDate "1997.01.01"]
[SourceVersion "1"]
[SourceVersionDate "1997.01.01"]
[SourceQuality "1"]

1. d4 Nf6 2. Nf3 g6 3. Bg5 Bg7 4. Nbd2 d5 5. e3 0-0 6. Bd3 Re8 7. 0-0 Nbd7 8. c3 h6 9. Bh4 e5 10. dxe5 Nxe5 11. Nxe5 Rxe5 12. h3 b6 13. a4 Rh5 14. Qc2 g5 15. Rfe1 Bg4 16. Qb3 Bxh3 17. Rf1 Ne4 18. Ba6 Qc8 19. Bg3 Qd8 20. Bd6 g4 21. Rfc1 Nc5 22. f4 f5 23. Kh1 1/2-1/2

[Event "FRA-chT2 9495"]
[Site "France"]
[Date "1994.??.??"]
[Round "8"]
[White "Weill, Roland"]
[Black "Lopez, Jordi"]
[Result "0-1"]
[WhiteElo "2250"]
[BlackElo "2240"]
[PlyCount "64"]
[EventDate "1994.??.??"]
[EventType "team"]
[EventRounds "11"]
[EventCountry "FRA"]
[SourceTitle "EXT 2008"]
[Source "ChessBase"]
[SourceDate "2007.11.25"]
[SourceVersion "1"]
[SourceVersionDate "2007.11.25"]
[SourceQuality "1"]

1. e4 d5 2. exd5 Qxd5 3. Nc3 Qa5 4. Nf3 Nf6 5. Bc4 Bf5 6. 0-0 e6 7. d3 c6 8. Bf4 Be7 9. Re1 0-0 10. h3 Nd5 11. Bd2 Qd8 12. Ne4 Nd7 13. a4 a5 14. d4 N7f6 15. Ng3 Bg6 16. Ne5 Nb6 17. Nxg6 hxg6 18. Bd3 Qxd4 19. Bc3 Qd8 20. Qd2 Nfd5 21. Bd4 Nb4 22. Be4 Bf6 23. c3 Na6 24. Ne2 Bxd4 25. Nxd4 Nd5 26. Rad1 Nc5 27. Bc2 Qb6 28. b3 Rad8 29. c4 Nb4 30. Bb1 Nxb3 31. c5 Nxd2 32. cxb6 Rxd4 0-1